Las 10 ciudades mas pobladas en el 1900 - Estadísticas

Estadísticas generales
  • Esta prueba ha sido intentada 99 veces
  • La puntuación promedio es 6 de 10
Estadísticas de respuestas
Poblacion Ciudad % Correcto
6500000 Londres
98%
3300000 Paris
94%
4200000 Nueva York
92%
1500000 Tokio
92%
2700000 Berlin
88%
1400000 San Petersburgo
44%
1700000 Chicago
39%
1700000 Viena
39%
1400000 Manchester
36%
1400000 Philadelphia
22%
No se encontraron pruebas coincidentes
Distribución de puntuación
Porcentaje de gente con cada puntuación
Porcentaje por número respondido
Historial de tus puntuaciones
No has intentado esta prueba.